Baby Names: Boys (1910s) Quiz Stats

 Plays Quiz Updated Aug 22, 2012

Challenge
Share
Tweet
Embed
Score 0/100 Timer 10:00
0 Plays Today
Rank Name % Correct
1John
94.6%
2William
84.8%
3James
84.8%
6George
80%
44Michael
78.8%
4Robert
78.1%
10Thomas
76.8%
29David
73.9%
14Paul
72.4%
9Frank
70.4%
50Peter
69.8%
15Richard
69.2%
7Charles
66.6%
8Edward
64.9%
5Joseph
64.4%
13Henry
63.9%
46Andrew
63.2%
52Daniel
61.7%
23Jack
61.5%
19Harry
60.7%
66Sam
58.3%
89Stephen
57.7%
28Fred
57.4%
12Harold
52.8%
40Samuel
52.6%
74Benjamin
52.3%
20Donald
48.4%
62Theodore
48.2%
34Joe
47.6%
38Anthony
45.3%
17Albert
44.6%
25Carl
43%
31Francis
41.9%
11Walter
40.5%
Rank Name % Correct
54Frederick
40.1%
18Arthur
39.6%
36Lawrence
39.2%
69Philip
38.7%
79Martin
38.4%
47Leo
38%
22Louis
37.4%
30Kenneth
36.7%
77Gerald
36.3%
75Victor
35.9%
65Charlie
35.3%
84Leon
33.4%
27Howard
33%
71Ray
32.7%
99Allen
32.7%
43Leonard
32.3%
41Herbert
32.1%
68Vincent
31.8%
42Alfred
30.4%
16Raymond
29.9%
53Edwin
26.6%
37Stanley
26.5%
85Oscar
25.9%
72Lewis
25.6%
21Ralph
25.2%
35Ernest
22.9%
87Edgar
22.9%
49Norman
22.9%
32Roy
22.8%
82Lee
22.5%
94Arnold
22.2%
48Bernard
22%
70Marvin
21.9%
26Willie
21.9%
Rank Name % Correct
98Wayne
21.9%
39Eugene
21.6%
33Earl
21.5%
97Warren
21.5%
55Chester
20.6%
81Alvin
19.3%
57Melvin
19%
24Clarence
18.9%
67Woodrow
18.8%
78Jesse
18.7%
51Russell
18.1%
58Lloyd
17.8%
59Lester
17.8%
56Herman
17.7%
90Harvey
16.5%
86Glenn
15.4%
60Floyd
15.3%
100Homer
14.9%
88Gordon
14.9%
61Leroy
14.8%
73Milton
14.5%
96Wilbur
14.4%
64Clyde
14.3%
63Clifford
13.3%
76Vernon
13.1%
95Morris
13.1%
45Elmer
12.9%
91Claude
12.2%
80Cecil
11%
93Everett
10.4%
92Sidney
9.6%
83Willard
9.4%

You're not logged in!

Compare scores with friends on all Sporcle quizzes.
Join for Free
OR
Log In

You Might Also Like...

Show Comments

Extras

Top Quizzes Today


Score Distribution

Your Account Isn't Verified!

In order to create a playlist on Sporcle, you need to verify the email address you used during registration. Go to your Sporcle Settings to finish the process.

Report this User

Report this user for behavior that violates our Community Guidelines.

Details: